000 00638nam a2200229Ia 4500
003 OSt
005 20220928102638.0
006 a|||||r|||| 00| 0
007 ta
008 220927b |||||||| |||| 00| 0 eng d
024 _a108896
037 _cTextual
040 _aSDCL
_cSDCL
_beng
041 _2eng
_aeng
082 _aO15,1NKS,2, L5
100 _aGhimire Krishnan Prasad Sharma
_9399596
245 0 _aNasiketasam.
260 _aKatmandu
_bSri Krishnan Granthmala Prakashan
_c1975
300 _a172p.
_ccm.
942 _hO15,1NKS,2, L5
_cTEXL
_2CC
999 _c715460
_d715460